| 000 | 00405cam a2200169ua 4500 | ||
|---|---|---|---|
| 020 | _cRs.4/- | ||
| 041 |
_ahin _h |
||
| 082 |
_a891.43 _bRAM/AC |
||
| 100 | _aRamachandra Varma, . | ||
| 245 |
_aAchi hindi / _cRamachandra Varma. _hTextual Documents |
||
| 260 |
_a : _bSahitya Ratn Bhandar , _c1961. |
||
| 300 | _a ; . | ||
| 365 | _aRs.4/- | ||
| 504 | _a | ||
| 942 | _cBK | ||
| 999 |
_c12235 _d12235 |
||